[Event "Aracaju op"]
[Site "Aracaju"]
[Date "2024.10.18"]
[Round "2"]
[White "Santos, Rikelmy da Silva"]
[Black "Cavalcante, Adson Dantas"]
[Result "0-1"]
[WhiteElo "1800"]
[BlackElo "1800"]
[PlyCount "41"]
[EventDate "2024.10.18"]
[EventType "swiss"]
[EventRounds "6"]
[EventCountry "BRA"]
[SourceTitle "CB44_2024"]
[Source "Chessbase"]
[SourceDate "2024.10.30"]
[SourceVersion "1"]
[SourceVersionDate "2024.10.30"]
[SourceQuality "1"]

1. e4 e5 2. Nf3 Nc6 3. Nc3 Nf6 4. Bc4 Bc5 5. Ng5 d5 6. Nxd5 Nxd5 7. d4 Be6 8. Qf3 Nf6 9. Bxe6 fxe6 10. Nxe6 Qd7 11. Nxc5 Qf7 12. 0-0 Nxd4 13. Qd1 0-0 14. c3 Ne6 15. Nxb7 h6 16. b3 Nxe4 17. f3 Nf4 18. fxe4 Rab8 19. Na5 Rb5 20. Nc6 Rc5 21. Nd4 0-1